00805nam a22002297a 450000500170000001000130001702000230003003500130005303700160006604000120008208200190009424501770011326000400029027000470033030000230037750000510040065000490045170000170050070000190051770000190053670000200055520170124110034.0 aB-160035 c230.00a8187877162 aB-160035 bCen Lib/Ret aDPLbEN a581.63403bENC aEncyclopedia of herbs, condiments and spices :cedited by S.K. Bhatia; compiled by Geeta Bhatia, Komal Bhatia [and] Urvashi Sharma bfor cooks, gardners and healthy eatrs / aNew Delhi bGita Enterprises c2005 bNew Delhi a3026/7H, ranjit nagar e110008 ax, 199p.c21cm(Hb) aIncludes bibliographical references and index  aHerbs, Condiments and Spices vEncyclopedia  aBhatia, S.K. aBhatia, Geeta  aBhatia, Komal  aSharma, Urwashi